00682nam a22001937a 450000500170000001000150001702000260003203500130005803700130007108200160008424501080010026000320020827000780024030000320031849000770035050000190042770000240044670000180047020150515121531.0 aENG-112297 a9781138796133c695.00 aEN-95829 bDBAD/PUB a792.8095956 aEvolving synergies :bcelebrating dance in Singapore /cedited by Stephanie Burridge [and] Caren Carino aNew DelhibRoutledge c2014 a912, Tolstoy House,15-17 Tolstoy Marg, Connaught PlacebNew Delhie110001 axix,232p. :bill.c22cm(Hb) aCelebrating dance in Asia and the Pacific ; edited by Stephanie Burridge aIncludes index aBurridge, Stephanie aCarino, Caren